Name Every Country in Europe - No Map - Statistics

General Stats
  • This quiz has been taken 126 times
    124 since last reset
  • The average score is 43 of 51
Answer Stats
Country % Correct
Albania
96%
United Kingdom
96%
Austria
93%
Belgium
93%
Portugal
93%
Spain
93%
Vatican City
93%
Andorra
92%
Finland
92%
France
92%
Germany
92%
Hungary
92%
Iceland
92%
Russia
92%
Slovakia
92%
Slovenia
92%
Denmark
91%
Greece
91%
Ireland
91%
Netherlands
90%
Poland
90%
Sweden
90%
Ukraine
90%
Italy
89%
Switzerland
89%
Estonia
88%
Norway
88%
Czechia
87%
Liechtenstein
87%
Lithuania
87%
Romania
87%
Latvia
85%
Croatia
84%
North Macedonia
84%
Belarus
83%
Malta
83%
San Marino
83%
Serbia
83%
Bosnia and Herzegovina
82%
Luxembourg
82%
Bulgaria
81%
Monaco
80%
Kosovo
79%
Moldova
79%
Cyprus
78%
Montenegro
78%
Turkey
78%
Armenia
53%
Georgia
49%
Azerbaijan
48%
Kazakhstan
31%
No matching quizzes found
Score Distribution
Percent of People with Each Score
Percentile by Number Answered
Your Score History
You have not taken this quiz since the last reset